00501 2200193 4500001002100000005001500021008004100036020002200077035001900099041000700118082001000125090001600135100001900151245004800170260003000218300002100248500001100269650002700280INLIS00000000000233520241224112523241224||||||||| | ||| |||| || |  a978-602-978-997-3 0010-1224002335 aen0 a612.6 a612.6 ATH b0 aAthif Lamadhah00aBuku Lengkap Untuk Ibu Hamil Dan Melahirkan aYogyakartabSafirahc2011 a284 hlm. ; 21 cm aCet. 1 0aBuku Panduan Kehamilan